| 000 | 00921nam a2200193Ia 4500 | ||
|---|---|---|---|
| 003 | Ost | ||
| 005 | 20260507075038.0 | ||
| 008 | 260507s9999||||xx |||||||||||||| ||und|| | ||
| 040 | _cfsecg | ||
| 041 | _aara | ||
| 082 | _a330 | ||
| 100 |
_aشطناوي، علي خطار _eمؤلف |
||
| 245 | 0 |
_aالادارة المحلية / _c علي خطار شطناوي |
|
| 260 |
_aعمان: _bدار وائل, _c2002 |
||
| 300 |
_a257 صفحة؛ _bإيضاحات ؛ _c24 سم |
||
| 520 | _aتحديد ما هية التنظيم المركزي-تحديد ماهية المركزية الادارية-عناصر الادارة المركزية في الأردن-اللامركزية الاقليمية-الأساس القانوني للنظام اللامركزي الإقليمي-تطبيقات النظام اللامركزي الإقليمي في الأردن | ||
| 653 | _aالإدارة- الأردن | ||
| 942 | _cكتاب | ||
| 999 |
_c42478 _d42478 |
||